Estados Unidos y los conflictos internacionales
Sábháilte in:
| Údar corparáideach: | |
|---|---|
| Formáid: | Téacs |
| Foilsithe / Cruthaithe: |
Madrid:
Fundamentos
|
| Clibeanna: |
Cuir clib leis
Níl clibeanna ann, Bí ar an gcéad duine le clib a chur leis an taifead seo!
|
MARC
| LEADER | 00000 a a2200000 04500 | ||
|---|---|---|---|
| 001 | 25497 | ||
| 003 | |||
| 040 | |a CRAI/IIS |c CRAI/IIS | ||
| 020 | |a 84-85436-24-9 | ||
| 090 | |a 152803 | ||
| 110 | |a IEPALA | ||
| 245 | |a Estados Unidos y los conflictos internacionales | ||
| 260 | |a Madrid: |b Fundamentos | ||
| 300 | |a 210 p. | ||
| 999 | |c 17044 |d 17044 | ||
